| 000 | 00630nam a2200205Ia 4500 | ||
|---|---|---|---|
| 003 | GCL | ||
| 008 | 140319s9999 xx 000 0 ara d | ||
| 040 |
_aGCL / _cGCL |
||
| 082 | 0 | 4 |
_a335.433 _bت ا |
| 100 | 1 | _aتروتسكى | |
| 245 | 1 | 0 |
_aالاهمية الثالثة بعد سنيين الاشتراكية فى بلد واحد / _cتروتسكى |
| 700 | 1 | _aالهيثم الايوبى | |
| 260 |
_a[S.N] : _bدار الحقيقة للطباعة والنشر ، _c1988 |
||
| 300 | _a310 ص | ||
| 490 | _a | ||
| 650 | 0 | 4 | _aالاشتراكية |
| 650 | 0 | 4 | _aالامية |
| 650 | 0 | 4 | _aتروتسكى |
| 942 |
_2ddc _cBK |
||
| 999 |
_c52653 _d52653 |
||